000 01542cam a22004334i 4500
003 PE-LiUPU
005 20250731172938.0
008 150623s r 000 0 d
035 _a(Sirsi) a20943
040 _aPE-LiUPU
_bspa
_cPE-LiUPU
_erda
082 0 4 _a261.8344
_bD55
_221
100 1 _aDennis, Trevor,
_eautor.
245 1 0 _aSara Laughed /
_cTrevor Dennis.
264 1 _aNashville :
_bAbingdon Press,
_c1994.
300 _a197 páginas ;
_c23 cm.
336 _atext
_2rdacontent
337 _aunmediated
_2rdamedia
338 _avolume
_2rdacarrier
490 0 _aBiblical Studies
504 _aIncluye bibliografía.
505 0 _aEve: a woman much maligned. -Sarah: a woman caught up in God's promises. -Hagar: a persecuted madonna. -Unsung heroines: the womwn of exodus 1-4. -Hannah: how the feeble gird on strength!. -Bathsheba: from rape victim to queen mother.
526 _aSEG42
526 _aSEG41
526 _aSEG40
526 _aSEG39
526 _aP94
526 _aP87
526 _aP86
526 _aP85
526 _aP77
526 _aP76
526 _aP35
600 1 _aLaughed, Sara
942 _2ddc
_cBOOK
949 _a261.8344 D55
_wDEWEY
_c1
_i44471
_lCCODEBUL1
_mBUL
_p00.00
_r0
_sY
_tBOOK
_u2015-06-24
_xTEOLOGIA
_PP35
_0COMPRA
_o.STAFF. Colección General
596 _a1
999 _a261.8344 D55
_wDEWEY
_c21349
_i44471
_f2021-11-10
_g5
_lCCODEBUL1
_mBUL
_r0
_sY
_tBOOK
_u2015-6-24
_xTEOLOGIA
_PP35
_0COMPRA
_o.STAFF. Colección General
_d21349
980 _81
_gALBERTO SANCHEZ Responsable de Automatización